000 00806nam a2200205Ii 4500
003 JO-AjNU
008 230605s9999||||xx |||||||||||||| ||und||
040 _aJO-AjNU
_bara
_erda
_cJO-AjNU
041 _aara
050 1 4 _aBP131.5.J33.Q2722 2006
100 3 _aالقاري، ملا علي ؛ تحقيق: أسامة عطايا ؛ مراجعة: أحمد خالد شكري,
_eauthor
_923792
245 0 0 _aالمنح الفكرية في شرح المقدمة الجزرية
250 _aط1
264 3 1 _aدمشق: دار الغوثاني للدراسات القرآنية، 2006
300 _a342ص
_bالمصادر والمراجع ص 326-335
336 _atext
_btxt
_2rdacontent
337 _aunmediated
_bn
_2rdamedia
338 _avolume
_bnc
_2rdacarrier
650 4 _aالقرآن- تجويد
_923793
999 _aA8663
_c12231
_d12231